000 00615nam a2200217Ii 4500
001 13785
003 CO-ViMGA
008 241108s9999||||xx |||||||||||||| ||und||
020 _a013285354X
040 _aCO-ViMGA
_bspa
_erda
_cCO-ViMGA
041 0 _aspa
082 0 4 _a658.8 M14e
100 1 _aSimon Majaro
_952194
245 1 0 _aLa esencia de la mercadotecnia
264 1 _aMéxico : Prentice Hall Hispanoamerica, 1996
300 _avolumen
336 _atext
_btxt
_2rdacontent
337 _aunmediated
_bn
_2rdamedia
338 _avolume
_bnc
_2rdacarrier
940 _aidficha_siabuc: 13485. -- ficha_no_siabuc:13785
999 _c46972
_d46972